000 00612nam a2200193Ia 4500
008 140224s9999 xx 000 0 und d
020 _a9780753405239
050 _aQL 676.2
_b.On66 2006
100 _aO'Neill, Amanda
245 _aVultures are bald :
_band other questions about birds /
_cAmanda O'Neill.
260 _aLondon :
_bKingfisher Publications Plc,
_cc2006.
300 _a34 p :
_bcol. ill. ;
_c29 cm.
440 _aI wonder why.
650 _aBirds
_xMiscellanea -- Juvenile literature.
650 _aBirds
_xMiscellanea.
650 _aQuestions and answers.
942 _cBK
999 _c42374
_d42374